000 00848 a2200241 4500
001 119713
020 _a9781407145396
040 _cEscola Canadense de Niteroi
090 _aCAR
100 _aCarroll, Lewis
245 1 0 _aAlice's adventures in wonderland
250 _a1st. ed.
260 _aUnited Kingdom
300 _a131 p.
_c9 x 10 x 1.85 inches
362 0 _a2014
490 0 _aScholastic Classics
520 _aThis is the story of Alice, a girl who falls down a rabbit hole into an amazing world known as Wonderland. Here she will have the most marvellous adventures including meeting a rabbit with a pocket watch, playing croquet with the queen and going to the Mad Hatter’s tea party.
650 4 _aFantasy
650 4 _aImagination
650 4 _aAction or Adventure
650 4 _aJuvenile Literature
942 _cBK
999 _c119713
_d119713